Mis memorias / (Record no. 73214)
[ view plain ]
| 000 -LEADER | |
|---|---|
| fixed length control field | 00737cam a2200217 4500 |
| 005 - DATE AND TIME OF LATEST TRANSACTION | |
| control field | 20170424090315.0 |
| 008 - FIXED-LENGTH DATA ELEMENTS--GENERAL INFORMATION | |
| fixed length control field | 081223t19791979ag a 000 0 spa u |
| 020 ## - INTERNATIONAL STANDARD BOOK NUMBER | |
| International Standard Book Number | 8474080215 |
| 050 04 - LIBRARY OF CONGRESS CALL NUMBER | |
| Classification number | E855 |
| Item number | K57 1979 |
| 100 1# - MAIN ENTRY--PERSONAL NAME | |
| Personal name | Kissinger, Henry, |
| Dates associated with a name | [1923- ], |
| Fuller form of name | Henry Alfred Kissinger |
| 245 10 - TITLE STATEMENT | |
| Title | Mis memorias / |
| Statement of responsibility, etc | Henry Kissinger |
| 250 ## - EDITION STATEMENT | |
| Edition statement | 1a ed. |
| 260 ## - PUBLICATION, DISTRIBUTION, ETC. (IMPRINT) | |
| Place of publication, distribution, etc | Argentina. : |
| Name of publisher, distributor, etc | Atlantida, |
| Date of publication, distribution, etc | c1979 |
| 300 ## - PHYSICAL DESCRIPTION | |
| Extent | 1032 p. : |
| Other physical details | il. ; |
| Dimensions | 24 cm. |
| 504 ## - BIBLIOGRAPHY, ETC. NOTE | |
| Bibliography, etc | Incluye índice |
| 600 #7 - SUBJECT ADDED ENTRY--PERSONAL NAME | |
| Source of heading or term | LEMB |
| Personal name | Kissinger, Henry |
| Dates associated with a name | 1923- |
| General subdivision | Biografía |
| 600 #7 - SUBJECT ADDED ENTRY--PERSONAL NAME | |
| Source of heading or term | LEMB |
| Personal name | Nixon, Richard M. |
| Fuller form of name | (Richard Milhous), |
| Dates associated with a name | 1913-1994. |
| General subdivision | Biografía |
| 650 #7 - SUBJECT ADDED ENTRY--TOPICAL TERM | |
| Topical term or geographic name as entry element | Estadistas |
| Geographic subdivision | Estados Unidos |
| 651 #7 - SUBJECT ADDED ENTRY--GEOGRAPHIC NAME | |
| Source of heading or term | LEMB |
| Geographic name | Estados Unidos |
| General subdivision | Relaciones exteriores |
| 942 ## - ADDED ENTRY ELEMENTS (KOHA) | |
| Source of classification or shelving scheme | Biblioteca del Cogreso de los Estados Unidos |
| Koha item type | Libro |
| Estado de pérdida | Fuente de clasificación | Estado del daño | No para préstamo | Ubicación permanente | Ubicación actual | Apartado o colección | Fecha de adquisición | Edición | Dependencia de educación superior (DES) | Área del conocimiento | Clasificación | Código de Barras | Date last seen | Número de copia | Tipo de recurso |
|---|---|---|---|---|---|---|---|---|---|---|---|---|---|---|---|
| Biblioteca del Cogreso de los Estados Unidos | Biblioteca del Instituto de Investigaciones Históricas | Biblioteca del Instituto de Investigaciones Históricas | General | 24/03/2017 | 1a ed. | Humanidades | Ciencias Sociales y Administrativas | E855 K57 1979 C:1 | IIH000001797 | 24/03/2017 | C:1 | Libro |